00457nam a2200169Ia 4500003000400000008004100004040001600045082001800061100002100079245007600100700001500176260004200191300001100233650001500244650001300259650001500272GCL140319s9999 xx 000 0 eng d aGCL / cGCL04a658.4036bJ F1 aJOYIII, LOUIS W.10aFRONTLINE TEAMWORK: ONE COMPANY'S STORY OF SUCCESS / cJOYIII, LOUIS W.1 aJOY, JO A. a[S.N] : bBUSINESS ONE RWIN ، c1994 a273 PP04aMANAGEMENT04aBUSINESS04aGROUP WORK